000 00586nam a2200229Ia 4500
003 OSt
005 20230504180005.0
008 210423s2018 xx 000 0 und d
020 _a978-1-292-13414-7
040 _cAL
041 _aeng
082 _a546
_223
_bHOUI
100 _aHOUSECROFT (Catherine E);SHARPE (Alan G)
_998065
245 _aInorganic chemistry Ed 5
250 _a5
260 _aNew York
_bPearson
_c2018
300 _axli,1251
_bPB
365 _b17825.65
_cUSD
650 _aInorganic Chemistry
_998066
906 _achemistry ; Inorganic
942 _2ddc
_cBK
999 _c171042
_d171042